Statistics for Premier League 2022/23 Players by Name - G

Click here to take the quiz!

General Stats

  • This quiz has been taken 40 times
  • The average score is 18 of 29

Answer Stats

ClubNationPositionPlayer% Correct
ArsenalBrazilDFGabriel
96%
Manchester UnitedArgentinaFWAlejandro Garnacho
93%
LiverpoolNetherlandsFWCody Gakpo
93%
Manchester CityGermanyMFIlkay Gundogan
93%
Manchester CityEnglandFWJack Grealish
93%
LiverpoolEnglandDFJoe Gomez
93%
Manchester CitySpainDFSergio Gomez
93%
Brighton & Hove AlbionGermanyMFPascal Gross
85%
ChelseaEnglandMFConor Gallagher
81%
EvertonSenegalMFIdrissa Gueye
78%
Manchester UnitedEnglandFWMason Greenwood
74%
Leeds UnitedEnglandMFSam Greenwood
74%
Crystal PalaceSpainGKVicente Guaita
74%
Newcastle UnitedBrazilMFBruno Guimaraes
67%
Leeds UnitedItalyFWWilly Gnonto
67%
WolvesBrazilMFJoao Gomes
59%
Crystal PalaceEnglandDFMarc Guehi
59%
WolvesPortugalDFToti Gomes
59%
BrentfordIranMFSaman Ghoddos
56%
Newcastle UnitedEnglandMFAnthony Gordon
44%
Brighton & Hove AlbionScotlandMFBilly Gilmour
41%
EvertonEnglandMFJames Garner
41%
Leeds UnitedEnglandFWArchie Gray
37%
EvertonEnglandDFBen Godfrey
37%
EvertonEnglandMFDemarai Gray
37%
Nottingham ForestEnglandMFMorgan Gibbs-White
30%
Newcastle UnitedEnglandGKMark Gillespie
26%
Leeds UnitedEnglandMFDarko Gyabi
4%
Crystal PalaceEnglandGKOwen Goodman
4%

Score Distribution

Percentile by Number Answered

Percent of People with Each Score

Your Score History

You have not taken this quiz